000 00448nam a2200145 a 4500
001 000044504
005 20201002045424.0
008 140703s2007 dr 000 0 spa d
040 _aDO-SdBNP
_bspa
_cBNPHU
082 _axxxx
_bxxxx
100 1 _aEscrivá de Balaguer, San Josemaría
_917143
245 1 0 _aAmar al mundo apasionadamente /
_cJosemaría Escrivá de Balaguer.
260 _aSanto Domingo :
_bOmnimedia,
_c2007.
300 _a16 p. ;
_c20 cm.
999 _c43993
_d43993